The landlord's liability to repair (Record no. 79092)

MARC details
000 -LEADER
fixed length control field 01122cab a22002535a 4500
001 - CONTROL NUMBER
control field L139804
008 - FIXED-LENGTH DATA ELEMENTS--GENERAL INFORMATION
fixed length control field 070809s2007 xxk f 000 0 eng d
035 ## - SYSTEM CONTROL NUMBER
System control number (Sirsi) u139804
041 0# - LANGUAGE CODE
Language code of text/sound track or separate title eng
110 2# - MAIN ENTRY--CORPORATE NAME
Corporate name or jurisdiction name as entry element UK landlord
245 04 - TITLE STATEMENT
Title The landlord's liability to repair
260 ## - PUBLICATION, DISTRIBUTION, ETC.
Date of publication, distribution, etc. 2007
490 ## - SERIES STATEMENT
Series statement UK Landlord
Volume/sequential designation (127) July-August 2007, 24-32(9)
520 ## - SUMMARY, ETC.
Summary, etc. A collection of articles dealing with the landlord's obligation to keep their properties in good repair. Landlords must also ensure that gas appliances are safe and that furniture complies with fire safety legislation. They are responsible for repairs to white goods and other machines which they provide. Provides advice on adding value to properties with loft conversions and house extensions.
590 ## - LOCAL NOTE (RLIN)
Local note KA
650 24 - SUBJECT ADDED ENTRY--TOPICAL TERM
Topical term or geographic name entry element LANDLORD AND TENANT ACT 1985 S11
650 24 - SUBJECT ADDED ENTRY--TOPICAL TERM
Topical term or geographic name entry element GAS SAFETY (INSTALLATION AND USE) REGULATIONS 1998
650 24 - SUBJECT ADDED ENTRY--TOPICAL TERM
Topical term or geographic name entry element FURNITURE AND FURNISHING (FIRE) (SAFETY) REGULATIONS 1988
650 24 - SUBJECT ADDED ENTRY--TOPICAL TERM
Topical term or geographic name entry element HOUSING ACT 2004
650 24 - SUBJECT ADDED ENTRY--TOPICAL TERM
Topical term or geographic name entry element DEFECTIVE PREMISES ACT 1972
651 #4 - SUBJECT ADDED ENTRY--GEOGRAPHIC NAME
Geographic name United Kingdom
Chronological subdivision
700 1# - ADDED ENTRY--PERSONAL NAME
Personal name Horsey, Robert
942 ## - ADDED ENTRY ELEMENTS (KOHA)
Suppress in OPAC 0
Holdings
Withdrawn status Lost status Source of classification or shelving scheme Damaged status Not for loan Home library Current library Shelving location Date acquired Total Checkouts Full call number Barcode Date last seen Copy number Price effective from Koha item type
    Dewey Decimal Classification     London London Journal article 09/08/2007   L139804 139804-1001 06/08/2019 1 06/08/2019 Journal article